000 00403nam a2200145Ia 4500
005 20250729165734.0
008 250729s2013 xx 000 0 und d
041 _akan
082 _a370.25 LAKS
100 _aDr.N. Lakshmi
_9231805
245 _aShikshana Shastra vishaya Vishwa kosha - Samputa 1
260 _aMysore
_bKarnataka open University
_c2013
300 _a976p
650 _aEducation
_9231806
999 _c239465
_d239465